[Event "10th Khazar Cup International Open Chess Tournamen
[Site "Rasht"]
[Date "2012.03.03"]
[Round "4"]
[Board "1"]
[White "Korneev, Oleg"]
[Black "Babujian, Levon"]
[Result "1-0"]
[WhiteElo "2584"]
[BlackElo "2474"]
[PlyCount "63"]
[EventDate "2012.02.29"]
[EventRounds "11"]
[EventCountry "IRI"]

1. e4 e5 2. Nf3 Nc6 3. Bb5 a6 4. Ba4 Nf6 5. O-O Be7 6. Re1 b5 7. Bb3 O-O 8. d4
d6 9. c3 Bg4 10. d5 Na5 11. Bc2 c6 12. dxc6 Qc7 13. h3 Bh5 14. Nbd2 Rad8 15. a4
Nxc6 16. axb5 axb5 17. Qe2 b4 18. Qc4 Rc8 19. Nh4 Rfd8 20. Nf5 Bg6 $4 (20...
Bf8 $142 $11) 21. Qxc6 Bxf5 22. Qxc7 Rxc7 23. exf5 bxc3 24. bxc3 Rxc3 25. Bb1
Nd7 26. Ne4 Rc7 27. Ba2 Nb6 28. Be3 Nc4 29. Rec1 d5 30. Bxc4 Rxc4 31. Rxc4 dxc4
32. Ra7 1-0

[Event "10th Khazar Cup International Open Chess Tournamen
[Site "Rasht"]
[Date "2012.03.03"]
[Round "4"]
[Board "1"]
[White "Pantsulaia, Levan"]
[Black "Toufighi, Homayoon"]
[Result "1/2-1/2"]
[WhiteElo "2592"]
[BlackElo "2444"]
[PlyCount "82"]
[EventDate "2012.02.29"]
[EventRounds "11"]
[EventCountry "IRI"]

1. Nf3 Nf6 2. g3 e6 3. Bg2 Be7 4. c4 d5 5. d4 O-O 6. Qc2 dxc4 7. Nbd2 Bd7 8.
O-O Bb5 9. Nxc4 Nbd7 10. Rd1 c5 11. Bg5 Nd5 12. Bxe7 Qxe7 13. Qb3 Ba6 14. Nfe5
Nxe5 15. dxe5 Bxc4 16. Qxc4 Nb6 17. Qb5 Rfd8 18. Rac1 Rxd1+ 19. Rxd1 g6 20. a4
Rd8 21. Rxd8+ Qxd8 22. a5 Qd1+ 23. Bf1 Qa4 24. Qxc5 Nc4 25. Qd4 (25. Qxa7 $142)
25... Qb3 26. e3 Nxb2 27. Qxa7 Kg7 28. Qd4 Na4 29. Be2 Qa3 30. Qf4 Nc5 31. Qf6+
Kg8 32. Qd8+ Kg7 33. Qc7 Nb3 34. Qc3 Qa2 35. Bc4 Qb1+ 36. Kg2 Nxa5 37. Bxe6
fxe6 38. Qc7+ Kh6 39. Qxa5 Qe4+ 40. Kg1 Qb1+ 41. Kg2 Qe4+ 1/2-1/2

[Event "10th Khazar Cup International Open Chess Tournamen
[Site "Rasht"]
[Date "2012.03.03"]
[Round "4"]
[Board "1"]
[White "Javanbakht, Nima"]
[Black "Abbasov, Farid"]
[Result "1/2-1/2"]
[WhiteElo "2389"]
[BlackElo "2551"]
[PlyCount "56"]
[EventDate "2012.02.29"]
[EventRounds "11"]
[EventCountry "IRI"]

1. d4 d6 2. c4 e5 3. Nf3 Nd7 4. Nc3 g6 5. g3 Bg7 6. Bg2 Ne7 7. O-O O-O 8. e4
exd4 9. Nxd4 Nc6 10. Nde2 Nc5 11. b3 f5 12. exf5 Bxf5 13. Be3 a5 14. Nd4 Nxd4
15. Bxd4 Bxd4 16. Qxd4 Qf6 17. Qxf6 Rxf6 18. Rfe1 Kf8 19. h3 c6 20. g4 Bd7 21.
Ne4 Nxe4 22. Rxe4 a4 23. Rd1 g5 24. f4 gxf4 25. Rf1 axb3 26. axb3 Ra3 27. Rexf4
Rxf4 28. Rxf4+ Ke7 1/2-1/2

[Event "10th Khazar Cup International Open Chess Tournamen
[Site "Rasht"]
[Date "2012.03.03"]
[Round "4"]
[Board "1"]
[White "Golizadeh, Asghar"]
[Black "Moosavian, S Hamed"]
[Result "1/2-1/2"]
[WhiteElo "2464"]
[BlackElo "2343"]
[PlyCount "67"]
[EventDate "2012.02.29"]
[EventRounds "11"]
[EventCountry "IRI"]

1. e4 e6 2. d4 d5 3. Nc3 Bb4 4. e5 Ne7 5. Qg4 c5 6. a3 Qa5 7. Nge2 cxd4 8. Rb1
Bxc3+ 9. bxc3 O-O 10. Nxd4 Nbc6 (10... Qxc3+ 11. Bd2 Qc7 12. f4 Qc5 13. Bb4 {
With a good position for black}) 11. Bd2 Nxe5 12. Qg3 f6 13. Be2 N5c6 14. Nxc6
bxc6 15. Qd6 Qd8 16. Qc5 Qc7 17. c4 Ba6 18. cxd5 Qe5 19. Qe3 Qxe3 20. fxe3 Bxe2
21. d6 Nf5 22. Kxe2 Rfd8 23. Bb4 a5 24. Bc5 Nxd6 25. Bxd6 Rxd6 26. Rhd1 Rd5 27.
Rb7 Rad8 28. Rd3 e5 29. Rb6 Rc5 30. Kd2 Rc8 31. Ra6 Rc7 32. Rc3 Rd7+ 33. Rd3
Rxd3+ 34. Kxd3 1/2-1/2

[Event "10th Khazar Cup International Open Chess Tournamen
[Site "Rasht"]
[Date "2012.03.03"]
[Round "4"]
[Board "1"]
[White "Sharbaf, Mohsen"]
[Black "Quparadze, Giga"]
[Result "1-0"]
[WhiteElo "2387"]
[BlackElo "2451"]
[PlyCount "135"]
[EventDate "2012.02.29"]
[EventRounds "11"]
[EventCountry "IRI"]

1. Nf3 Nf6 2. b3 g6 3. Bb2 Bg7 4. e3 b6 5. Be2 Bb7 6. O-O O-O 7. Ne1 c5 8. f4
d5 9. Bf3 Nc6 10. Nd3 d4 11. a4 Nd5 12. e4 Ndb4 13. Nxb4 Nxb4 14. d3 Qc7 15. g3
e5 16. f5 Bh6 17. Bc1 Bxc1 18. Qxc1 f6 19. fxg6 hxg6 20. Na3 Kg7 21. Bg4 Qc6
22. Qd2 Bc8 23. Bxc8 Raxc8 24. Rf2 Rh8 25. Raf1 Rcf8 26. Rf3 Qe6 27. Qg2 Nc6
28. Nc4 Ne7 29. R3f2 Ng8 30. Rf3 Rh7 31. g4 g5 32. Qg3 Re8 33. Rf5 Rh6 34. Nxe5
fxe5 35. Rxg5+ Rg6 36. Rff5 Nh6 37. Rxe5 Qf6 38. Rxg6+ Qxg6 39. g5 Rxe5 40.
Qxe5+ Kg8 41. h4 Nf7 42. Qb8+ Kg7 43. Qf4 Qh5 44. Qf2 Kg8 45. Kg2 Ne5 46. Qg3
Qe2+ 47. Kh3 Qf1+ 48. Qg2 Qf7 49. Qg3 Ng6 50. h5 Qf1+ 51. Kg4 Qe2+ 52. Kf5 Qxh5
53. Ke6 $4 (53. Qc7 $142 $15) 53... Nf8+ (53... Qh7 $142 54. Qb8+ Nf8+ 55. Kd5
Qf7+ $19) 54. Kd6 Qh7 55. Qg4 Qh2+ 56. e5 Qxc2 57. Qf5 Qg2 58. e6 Qg3+ 59. Kc6
Qg2+ 60. Kc7 Qh2+ 61. Kb7 Qd6 62. Qf7+ Kh8 63. e7 Qd7+ 64. Ka6 Qc8+ 65. Kxa7
Qd7+ 66. Ka6 Qc8+ 67. Kb5 Qd7+ 68. Kc4 1-0

[Event "10th Khazar Cup International Open Chess Tournamen
[Site "Rasht"]
[Date "2012.03.03"]
[Round "4"]
[Board "1"]
[White "Idani, Pouya"]
[Black "Mammadov, Zaur Fazahir"]
[Result "1-0"]
[WhiteElo "2448"]
[BlackElo "2368"]
[PlyCount "79"]
[EventDate "2012.02.29"]
[EventRounds "11"]
[EventCountry "IRI"]

1. d4 d5 2. c4 c6 3. Nf3 Nf6 4. Nc3 g6 5. g3 Bg7 6. Bg2 O-O 7. cxd5 cxd5 8. O-O
Nc6 9. Ne5 e6 10. Bg5 Qa5 11. Nxc6 bxc6 12. Qd2 Qa6 13. Rac1 Re8 14. Rfe1 Nd7
15. e4 Bb7 16. e5 c5 17. Bf1 Qa5 18. Nb5 Qxd2 19. Bxd2 cxd4 20. f4 Reb8 $4 (
20... Rab8 $142) 21. Nc7 Bf8 22. b4 Nb6 23. Nxa8 Bxa8 24. Rc7 Bb7 25. a4 Na8
26. Rc2 Bc8 27. a5 Be7 28. b5 Bd7 29. Rb1 Kf8 30. Bb4 Ke8 31. Bd6 Bxd6 32. exd6
Bc8 33. b6 axb6 34. axb6 Kd7 35. Rxc8 Kxc8 36. b7+ Kd7 37. bxa8=Q Rxa8 38. Rb6
Rd8 39. Bb5+ Kc8 40. Kf1 1-0

[Event "10th Khazar Cup International Open Chess Tournamen
[Site "Rasht"]
[Date "2012.03.03"]
[Round "4"]
[Board "1"]
[White "Alavi, Sayed Javad"]
[Black "Noroozi, Omid"]
[Result "1/2-1/2"]
[WhiteElo "2442"]
[BlackElo "2314"]
[PlyCount "28"]
[EventDate "2012.02.29"]
[EventRounds "11"]
[EventCountry "IRI"]

1. d4 d5 2. c4 e6 3. Nc3 Nf6 4. Bg5 Nbd7 5. e3 Be7 6. Nf3 O-O 7. Rc1 h6 8. Bh4
c6 9. a3 Ne4 10. Bxe7 Qxe7 11. Qc2 Re8 12. Be2 dxc4 13. Bxc4 e5 14. O-O exd4
1/2-1/2

[Event "10th Khazar Cup International Open Chess Tournamen
[Site "Rasht"]
[Date "2012.03.03"]
[Round "4"]
[Board "1"]
[White "Mammadov, Ayaz"]
[Black "Khademi, Mohammad Miran"]
[Result "0-1"]
[WhiteElo "2404"]
[BlackElo "2305"]
[PlyCount "67"]
[EventDate "2012.02.29"]
[EventRounds "11"]
[EventCountry "IRI"]

1. e4 e5 2. Nf3 Nc6 3. Bc4 Nf6 4. Ng5 d5 5. exd5 Na5 6. Bb5+ c6 7. dxc6 bxc6 8.
Qf3 Rb8 9. Bd3 Bd6 10. O-O O-O 11. Nc3 Bc7 12. Nce4 Nxe4 13. Qxe4 f5 14. Bc4+
Nxc4 15. Qxc4+ Qd5 16. Qxd5+ cxd5 17. d4 exd4 18. Nf3 Ba6 19. Rd1 Bb6 20. Nxd4
Bxd4 21. Rxd4 Rfe8 22. Be3 Rxb2 23. Ra4 Re6 24. c3 Rb7 25. h3 Rg6 26. Ra5 Rd7
27. Bd4 f4 28. Kh2 h5 29. Re1 h4 30. f3 Rb7 31. Re8+ Kf7 32. Ra8 Rb2 33. Rxa7+
Bb7 34. Kh1 0-1

[Event "10th Khazar Cup International Open Chess Tournamen
[Site "Rasht"]
[Date "2012.03.03"]
[Round "4"]
[Board "1"]
[White "Guliev, Sarhan"]
[Black "Khademalsharieh, Sarasadat"]
[Result "0-1"]
[WhiteElo "2523"]
[BlackElo "2230"]
[PlyCount "118"]
[EventDate "2012.02.29"]
[EventRounds "11"]
[EventCountry "IRI"]

1. d4 Nf6 2. c4 e6 3. Nc3 Bb4 4. e3 O-O 5. Nge2 c5 6. a3 cxd4 7. axb4 dxc3 8.
Nxc3 d5 9. cxd5 exd5 10. b5 Be6 11. Be2 Nbd7 12. O-O Nc5 13. b4 Ncd7 14. Na4
Ne5 15. Nc5 Nc4 16. Qd4 Qc7 17. Bb2 b6 18. Nd3 Rfe8 19. Rfc1 Qe7 20. Bc3 Rec8
21. Nf4 Nd6 22. g4 Qd7 23. g5 Nfe8 24. Qe5 Nc4 25. Qd4 Ncd6 26. Bb2 Qe7 27. Qe5
Nf5 28. h4 Rd8 29. Bg4 Qxb4 30. Rc6 Nxh4 31. Ba3 $4 (31. Rxe6 $18 fxe6 32.
Qxe6+ Kh8 33. Be5 a6 34. Qh6) 31... Bxg4 $19 32. Qxe8+ Rxe8 33. Bxb4 Nf3+ 34.
Kf1 Bd7 35. Nxd5 Bh3+ 36. Ke2 Nd4+ 37. Kd3 Nxc6 38. bxc6 Bg2 39. Ne7+ Rxe7 40.
Bxe7 Bxc6 41. Kd4 a5 42. Ke5 b5 43. Kd6 Bf3 44. Kc5 b4 45. Bd6 b3 46. Be5 a4
47. Kb4 Bc6 48. Rc1 Bd7 49. Ka3 Re8 50. Rc5 h5 51. gxh6 gxh6 52. Bd4 Re6 53. f4
Kh7 54. Rd5 Bc6 55. Ra5 Be8 56. f5 Re4 57. Rc5 h5 58. Rc1 Kh6 59. f6 Kg5 0-1

[Event "10th Khazar Cup International Open Chess Tournamen
[Site "Rasht"]
[Date "2012.03.03"]
[Round "5"]
[Board "1"]
[White "Toufighi, Homayoon"]
[Black "Korneev, Oleg"]
[Result "0-1"]
[WhiteElo "2444"]
[BlackElo "2584"]
[PlyCount "124"]
[EventDate "2012.02.29"]
[EventRounds "11"]
[EventCountry "IRI"]

1. e4 c5 2. Nf3 e6 3. c3 Nf6 4. e5 Nd5 5. d4 cxd4 6. cxd4 d6 7. Nc3 Nxc3 8.
bxc3 Qc7 9. Bd2 Nd7 10. Ng5 h6 11. exd6 Bxd6 12. Ne4 Bf4 13. Bxf4 Qxf4 14. Bd3
b6 15. O-O Bb7 16. Re1 O-O 17. Rc1 Rac8 18. Qe2 Bxe4 19. Bxe4 Nf6 20. Bf3 Rc7
21. g3 Qd6 22. Qb2 Rfc8 23. Be2 Nd5 24. c4 Qb4 25. Qa1 Qa3 26. Bf1 Nb4 27. Rc3
Qxa2 28. Qxa2 Nxa2 29. Rb3 a5 30. Rxb6 Nb4 31. Rd1 Rd8 32. Rb5 Rcd7 33. d5 exd5
34. Bh3 Rd6 35. c5 Ra6 36. Ra1 Nc6 37. Rb7 a4 38. Ra3 Ne5 39. Bf1 Rc6 40. Rb5
Rdc8 41. Bh3 $2 (41. f4 $142 Ng4 42. Bh3 f5 43. Bxg4 fxg4 44. Rxa4 Rxc5 $15)
41... Rxc5 $17 42. Rxc5 Rxc5 43. Rxa4 g6 44. Ra7 Kf8 45. Bf1 Kg7 46. Ra6 g5 47.
h3 Rc6 48. Ra5 Nf3+ 49. Kh1 Rc2 50. Kg2 Ne1+ 51. Kg1 Nf3+ 52. Kg2 Ne1+ 53. Kg1
Rd2 54. Bg2 d4 55. Bd5 d3 56. Ra7 Kf6 57. Rxf7+ Ke5 58. Bc4 Kd4 59. Ba6 Rd1 60.
Kh2 Ra1 61. Bxd3 Kxd3 62. f4 Ke3 {Time is finished} 0-1

[Event "10th Khazar Cup International Open Chess Tournamen
[Site "Rasht"]
[Date "2012.03.03"]
[Round "5"]
[Board "1"]
[White "Khademi, Mohammad Miran"]
[Black "Idani, Pouya"]
[Result "0-1"]
[WhiteElo "2305"]
[BlackElo "2448"]
[PlyCount "56"]
[EventDate "2012.02.29"]
[EventRounds "11"]
[EventCountry "IRI"]

1. e4 c5 2. b3 g6 3. Bb2 Nf6 4. Nc3 Bg7 5. e5 Nh5 6. Ne4 Nc6 7. Nf3 b6 8. g3
O-O 9. Bg2 d5 10. Neg5 $2 h6 (10... f6 $142) 11. Nh3 Bg4 12. Qe2 Qd7 13. Nhg1
d4 14. h3 Be6 15. O-O-O Nb4 16. Ne1 Rad8 17. Kb1 a5 18. Ngf3 a4 19. Nd3 Nxa2 $3
20. Kxa2 axb3+ 21. cxb3 Qa4+ 22. Kb1 Bxb3 23. e6 Ba2+ 24. Ka1 Bxe6+ 25. Kb1
Ba2+ 26. Ka1 Bb3+ 27. Kb1 Bc2+ 28. Kc1 Qc4 0-1

[Event "10th Khazar Cup International Open Chess Tournamen
[Site "Rasht"]
[Date "2012.03.03"]
[Round "5"]
[Board "1"]
[White "Khademalsharieh, Sarasadat"]
[Black "Sharbaf, Mohsen"]
[Result "1/2-1/2"]
[WhiteElo "2230"]
[BlackElo "2387"]
[PlyCount "88"]
[EventDate "2012.02.29"]
[EventRounds "11"]
[EventCountry "IRI"]

1. d4 g6 2. Nf3 Bg7 3. c4 c6 4. g3 Nf6 5. Bg2 d5 6. cxd5 cxd5 7. O-O O-O 8. Ne5
Nbd7 9. Nc3 Nb6 10. a4 Be6 11. a5 Nc8 12. Qb3 Nd6 13. Bf4 Nfe4 $2 14. Nxe4 $2 (
14. Nxd5 $142) 14... dxe4 15. d5 Bf5 16. a6 Rb8 17. Nc4 bxa6 18. Qa2 Rb5 19.
Qxa6 Rxd5 20. Ne3 Rd4 21. Bxd6 $6 (21. Rfd1 $142 $11) 21... Rxd6 $17 22. Qxa7
Bxb2 23. Nxf5 gxf5 24. Rab1 Rd2 25. Qa4 Rxe2 26. Qb5 Qd2 27. Qxf5 e6 28. Qg4+
Kh8 29. Rbd1 Qc2 30. Rd7 e3 31. Qf3 exf2+ 32. Rxf2 Rxf2 33. Qxf2 Qc1+ 34. Bf1
Kg8 35. Qf3 Bg7 36. Kg2 Qg5 37. Bd3 Qh6 38. Ra7 Qd2+ 39. Qe2 Qh6 40. Qf3 f5 41.
Bc4 Kh8 42. Ra8 Qd2+ 43. Kh3 Qh6+ 44. Kg2 Qd2+ 1/2-1/2

[Event "10th Khazar Cup International Open Chess Tournamen
[Site "Rasht"]
[Date "2012.03.03"]
[Round "5"]
[Board "1"]
[White "Babayev, Talib"]
[Black "Pantsulaia, Levan"]
[Result "1/2-1/2"]
[WhiteElo "2344"]
[BlackElo "2592"]
[PlyCount "75"]
[EventDate "2012.02.29"]
[EventRounds "11"]
[EventCountry "IRI"]

1. e4 c5 2. Nf3 e6 3. d4 cxd4 4. Nxd4 a6 5. Bd3 Nf6 6. O-O e5 7. Nf3 Nc6 8. Nc3
Bc5 9. h3 h6 10. Nd5 d6 11. c4 O-O 12. a3 Nxd5 13. cxd5 Ne7 14. Kh2 f5 15. Be3
Bxe3 16. fxe3 fxe4 17. Bxe4 Qb6 18. Qd2 Bd7 19. Nh4 Bb5 20. Rf2 a5 21. Nf5 Nxf5
22. Bxf5 Qd8 23. e4 Kh8 24. Rf3 Bd7 25. Raf1 Bxf5 26. Rxf5 Rxf5 27. Rxf5 Qh4
28. Qe2 Kg8 29. Qf3 Qe7 30. Qc3 Qd8 31. Qg3 Rc8 32. Qg6 Qe7 33. Rf3 a4 34. Rg3
Kh8 35. Rf3 Kg8 36. Rg3 Kh8 37. Rf3 Kg8 38. Rg3 1/2-1/2

[Event "10th Khazar Cup International Open Chess Tournamen
[Site "Rasht"]
[Date "2012.03.03"]
[Round "5"]
[Board "1"]
[White "Abbasov, Farid"]
[Black "Aghayev, Nijat"]
[Result "1-0"]
[WhiteElo "2551"]
[BlackElo "2318"]
[PlyCount "89"]
[EventDate "2012.02.29"]
[EventRounds "11"]
[EventCountry "IRI"]

1. Nf3 d5 2. d4 Nf6 3. c4 dxc4 4. e3 e6 5. Bxc4 c5 6. O-O a6 7. Qe2 b5 8. Bb3
Bb7 9. Nbd2 Nc6 10. dxc5 Bxc5 11. e4 e5 12. Bc2 O-O 13. Nb3 Bb6 14. Bg5 Qe7 15.
Rac1 Rad8 16. Bb1 Rfe8 17. Kh1 h6 18. Bh4 Rd7 19. Ne1 Nd4 20. Nxd4 Bxd4 21. Nf3
Qe6 22. a3 g5 23. Bg3 a5 24. b4 axb4 25. axb4 Qe7 26. Bd3 Ra8 27. Bxb5 Rd6 28.
Bd3 Kg7 29. b5 Ra3 30. Bb1 Rb3 31. Qc4 Rxb1 32. Rxb1 Bxe4 33. Nxd4 Rxd4 34. Qe2
Bxb1 35. Rxb1 Ne4 $6 36. b6 $16 Rb4 37. Qe1 Rxb1 38. Qxb1 Nxg3+ $4 (38... Nd6
$142 $16) 39. hxg3 $18 Qb7 40. Qb5 Kf6 41. Qa5 Ke6 42. Qa7 Qd5 43. Kh2 Qd1 44.
f3 Qd4 45. Qa2+ 1-0

[Event "10th Khazar Cup International Open Chess Tournamen
[Site "Rasht"]
[Date "2012.03.03"]
[Round "5"]
[Board "1"]
[White "Babujian, Levon"]
[Black "Kowsarinia, Amir"]
[Result "1-0"]
[WhiteElo "2474"]
[BlackElo "2257"]
[PlyCount "97"]
[EventDate "2012.02.29"]
[EventRounds "11"]
[EventCountry "IRI"]

1. d4 d5 2. c4 e6 3. Nc3 c5 4. e3 Nf6 5. Nf3 Nc6 6. a3 a6 7. dxc5 Bxc5 8. b4
Ba7 9. Bb2 O-O 10. Qc2 Qe7 11. Rd1 Rd8 12. Be2 d4 13. exd4 Nxd4 14. Nxd4 Bxd4
15. O-O e5 16. Bf3 Be6 17. c5 Rac8 18. h3 h6 19. Rfe1 Nh7 $6 (19... Qc7 $142)
20. Ne4 f5 21. Bxd4 exd4 22. Ng3 Ng5 23. Be2 Qf7 24. Bd3 Bb3 25. Qc1 f4 26. Ne4
Ne6 27. Bc4 $5 Bxc4 28. Qxc4 f3 29. Qb3 Ng5 30. Qxf7+ Nxf7 31. gxf3 Rd5 32. f4
Rcd8 33. Rd3 Rf5 34. Red1 Rxf4 35. Rxd4 Rxd4 36. Rxd4 Kh7 37. Kf1 Ne5 38. Ke2
Nc6 39. Ke3 Rf7 40. Nd6 Rd7 41. Re4 b6 42. Re6 bxc5 43. bxc5 Na5 44. Kd4 Nc6+
45. Kd5 Ne7+ 46. Kc4 Nc6 47. Nf5 Rc7 48. Kd5 Nb8 49. Re7 1-0

[Event "10th Khazar Cup International Open Chess Tournamen
[Site "Rasht"]
[Date "2012.03.03"]
[Round "5"]
[Board "1"]
[White "Faghirnavaz, Ali"]
[Black "Golizadeh, Asghar"]
[Result "1/2-1/2"]
[WhiteElo "2319"]
[BlackElo "2464"]
[PlyCount "110"]
[EventDate "2012.02.29"]
[EventRounds "11"]
[EventCountry "IRI"]

1. d4 e6 2. c4 Nf6 3. Nc3 Bb4 4. g3 c5 5. Nf3 cxd4 6. Nxd4 Ne4 7. Qd3 Qa5 8.
Qxe4 Bxc3+ 9. Kd1 Qa4+ 10. Qc2 Qxc2+ 11. Nxc2 Bf6 12. Nb4 Nc6 13. Nxc6 bxc6 14.
Kc2 Rb8 15. Rb1 d5 16. e3 O-O 17. f3 Rd8 18. Bd2 e5 19. Bd3 Be6 20. b3 Be7 21.
Bc3 f6 22. Rhe1 Kf7 23. Re2 dxc4 24. Bxc4 Bxc4 25. bxc4 Rxb1 26. Kxb1 Rd1+ 27.
Kc2 Rh1 28. Kd3 Ke6 29. Rb2 Bc5 30. Rf2 Rd1+ 31. Bd2 h5 32. Rg2 g5 33. g4 h4
34. Re2 Rg1 35. Ke4 h3 36. Be1 Rf1 37. Bg3 Rc1 38. Kd3 f5 39. gxf5+ Kxf5 40.
e4+ Ke6 41. Re1 Ba3 42. Rxc1 Bxc1 43. Kc2 Be3 44. Kd3 Bc1 45. Kc2 Be3 46. Kd3
Bg1 47. Ke2 Kd6 48. Kd3 a6 49. Kc3 Be3 50. Kd3 Bg1 51. Kc3 Be3 52. Kd3 Bd4 53.
Kc2 Kc5 54. Kb3 Kd6 55. Kc2 Be3 1/2-1/2

[Event "10th Khazar Cup International Open Chess Tournamen
[Site "Rasht"]
[Date "2012.03.03"]
[Round "5"]
[Board "1"]
[White "Asgarov, Mushfig"]
[Black "Alavi, Sayed Javad"]
[Result "0-1"]
[WhiteElo "2234"]
[BlackElo "2442"]
[PlyCount "124"]
[EventDate "2012.02.29"]
[EventRounds "11"]
[EventCountry "IRI"]

1. e4 c5 2. Nf3 e6 3. d4 cxd4 4. Nxd4 a6 5. Bd3 Bc5 6. Nb3 Ba7 7. O-O Nc6 8.
Qe2 d6 9. a4 Nf6 10. Nc3 O-O 11. Be3 Bxe3 12. Qxe3 e5 13. Nd5 Be6 14. c4 a5 15.
Be2 Nd7 16. Rac1 b6 17. Nc3 Nc5 18. Nb5 Qe7 19. Rfd1 Rfd8 20. Nxc5 bxc5 21. f4
Nd4 22. f5 Bd7 23. Nc7 Bxa4 24. Nd5 Qf8 25. Rd3 Rab8 26. f6 Rxb2 27. Bg4 g6 28.
Qg5 (28. Ra3 $142 $17) 28... h6 $19 29. Ne7+ Kh7 30. Rh3 Rb3 $6 (30... Bd7 $142
) 31. Rh4 Bd7 32. Rf1 $2 (32. Bf5 $142 $11) 32... Bxg4 33. Qxg4 a4 34. Rh3 Rxh3
35. Qxh3 Ra8 36. Qd7 a3 37. Ra1 a2 38. h4 h5 39. Kh2 Rd8 $2 (39... Nc2 $142 $19
) 40. Qb7 Qh6 $2 (40... Rb8 $142 $17) 41. Nd5 Rf8 42. Rxa2 g5 43. Ra8 $4 (43.
Qe7 $11) 43... gxh4 44. Rxf8 Qxf8 45. Ne7 Qh6 46. Nd5 Qg6 47. Qd7 Ne6 48. Kh1
h3 49. gxh3 Qxe4+ 50. Kh2 Ng5 51. Ne7 Qf4+ (51... Qe2+ $142 52. Kh1 Qf1+ 53.
Kh2 Nf3+ 54. Kg3 h4+ 55. Kg4 Qg2+ 56. Kf5 Nd4#) 52. Kg2 Qxf6 53. Nf5 Qe6 54.
Qxe6 Nxe6 55. Nxd6 Kg6 56. Kf3 f5 57. h4 Kf6 58. Ke3 e4 59. Nxe4+ fxe4 60. Kxe4
Nc7 61. Kf4 Na8 62. Ke4 Nb6 0-1

[Event "10th Khazar Cup International Open Chess Tournamen
[Site "Rasht"]
[Date "2012.03.04"]
[Round "6"]
[Board "1"]
[White "Korneev, Oleg"]
[Black "Idani, Pouya"]
[Result "1/2-1/2"]
[WhiteElo "2584"]
[BlackElo "2448"]
[PlyCount "62"]
[EventDate "2012.02.29"]
[EventRounds "11"]
[EventCountry "IRI"]

1. e4 c5 2. Nf3 d6 3. d4 cxd4 4. Nxd4 Nf6 5. Nc3 a6 6. Be3 e5 7. Nf3 Qc7 8. a4
Be7 9. Be2 O-O 10. O-O b6 11. Qd3 Nbd7 12. Qc4 Qd8 13. Nd2 Bb7 14. Rfd1 Rc8 15.
Qa2 Nc5 16. Bf3 Qc7 17. Bxc5 Qxc5 18. Nf1 b5 19. axb5 axb5 20. Qa7 Qc6 21. Qa5
Bd8 22. Qb4 Qc5 23. Qxb5 Qxb5 24. Nxb5 Rxc2 25. Nxd6 Rxb2 26. Ne3 Bc7 27. Nec4
Rb4 28. Nxe5 Bxd6 29. Rxd6 Bxe4 30. Bxe4 Rxe4 31. Nd7 Nxd7 1/2-1/2

[Event "10th Khazar Cup International Open Chess Tournamen
[Site "Rasht"]
[Date "2012.03.04"]
[Round "6"]
[Board "1"]
[White "Gaprindashvili, Valeriane"]
[Black "Abbasov, Farid"]
[Result "1/2-1/2"]
[WhiteElo "2400"]
[BlackElo "2551"]
[PlyCount "42"]
[EventDate "2012.02.29"]
[EventRounds "11"]
[EventCountry "IRI"]

1. d4 d5 2. Nf3 e6 3. c4 c6 4. e3 Nf6 5. Bd3 Bd6 6. O-O O-O 7. Nbd2 c5 8. cxd5
exd5 9. dxc5 Bxc5 10. Nb3 Bd6 11. Bd2 Nc6 12. Rc1 Bg4 13. Be2 Ne4 14. Bc3 Re8
15. h3 Bxh3 16. gxh3 Re6 17. Kh1 Rg6 18. Be1 Qd7 19. Ng1 Rxg1+ 20. Kxg1 Qxh3
21. f4 Ng3 1/2-1/2

[Event "10th Khazar Cup International Open Chess Tournamen
[Site "Rasht"]
[Date "2012.03.04"]
[Round "6"]
[Board "1"]
[White "Sharbaf, Mohsen"]
[Black "Babujian, Levon"]
[Result "1-0"]
[WhiteElo "2387"]
[BlackElo "2474"]
[PlyCount "71"]
[EventDate "2012.02.29"]
[EventRounds "11"]
[EventCountry "IRI"]

1. Nf3 Nf6 2. b3 g6 3. Bb2 Bg7 4. e3 O-O 5. Be2 b6 6. O-O Bb7 7. Ne1 c5 8. f4
d5 9. Nd3 d4 10. c4 Ne4 11. Bf3 f5 12. Ne5 g5 $2 (12... dxe3 $142) 13. d3 g4
14. Bxe4 fxe4 15. Qxg4 Kh8 16. Nd2 exd3 17. exd4 cxd4 18. Qh3 Qd6 19. Rae1 Na6
20. Ne4 Bxe4 21. Rxe4 Rad8 22. Rxd4 Qc5 23. Ng6+ Kg8 24. Qe6+ Rf7 25. Ne5 Rdf8
26. b4 Nxb4 27. Kh1 Qc8 28. Rd7 Bxe5 29. Bxe5 Qc6 30. Rd6 $3 Qc8 31. Qh6 Qf5
32. Rf3 Rf6 33. Bxf6 Rxf6 34. Rd8+ Kf7 35. Qf8+ Kg6 36. Qg8+ 1-0

[Event "10th Khazar Cup International Open Chess Tournamen
[Site "Rasht"]
[Date "2012.03.04"]
[Round "6"]
[Board "1"]
[White "Alavi, Sayed Javad"]
[Black "Moosavian, S Hamed"]
[Result "1/2-1/2"]
[WhiteElo "2442"]
[BlackElo "2343"]
[PlyCount "84"]
[EventDate "2012.02.29"]
[EventRounds "11"]
[EventCountry "IRI"]

1. d4 e6 2. c4 Nf6 3. Nc3 Bb4 4. Qc2 O-O 5. a3 Bxc3+ 6. Qxc3 Ne4 7. Qc2 f5 8.
Nh3 d6 9. f3 Nf6 10. e3 e5 11. dxe5 dxe5 12. Be2 Nc6 13. O-O a5 14. b3 f4 15.
Rd1 Qe7 16. Nf2 Nh5 17. Bd3 g6 18. Be4 Ra6 $2 19. Qc3 (19. Nd3 $142 $18 Nf6 20.
Bd5+ Nxd5 21. cxd5 $18) 19... Nd8 20. Rd5 Nf7 21. Rxa5 Rxa5 22. Qxa5 c6 23. Bd2
Rd8 24. Re1 Be6 25. Bc1 fxe3 26. Bxe3 Nf4 27. Qc5 Qxc5 28. Bxc5 Rd2 29. Bb4 Rb2
30. Rb1 Ra2 31. h4 Bf5 32. Bxf5 gxf5 33. Kf1 Ne2 34. Re1 Ng3+ 35. Kg1 Ne2+ 36.
Kh2 Nd4 37. Kg1 Nxb3 38. Nd3 Nd4 39. Kf1 Nc2 40. Re2 Ra1+ 41. Kf2 Nxb4 42. axb4
Rb1 1/2-1/2

[Event "10th Khazar Cup International Open Chess Tournamen
[Site "Rasht"]
[Date "2012.03.04"]
[Round "6"]
[Board "1"]
[White "Azaladze, Shota"]
[Black "Khademalsharieh, Sarasadat"]
[Result "1-0"]
[WhiteElo "2403"]
[BlackElo "2230"]
[PlyCount "69"]
[EventDate "2012.02.29"]
[EventRounds "11"]
[EventCountry "IRI"]

1. g3 Nf6 2. Bg2 d5 3. d3 c6 4. Nd2 g6 5. Ngf3 Bg7 6. O-O O-O 7. e4 Bg4 8. h3
Bxf3 9. Qxf3 Nbd7 10. Qe2 dxe4 11. dxe4 Nc5 12. Nc4 Ne6 13. Rd1 Qc7 14. Be3 Nd7
15. c3 Rfd8 16. f4 b5 17. Na3 Nb6 18. e5 Rxd1+ 19. Rxd1 Rd8 20. Rxd8+ Nxd8 21.
c4 b4 22. Nc2 c5 23. b3 f6 24. Qf2 Nd7 25. exf6 Bxf6 26. h4 Bc3 27. Bh3 e6 28.
Ne1 Qd6 29. Nf3 Nc6 30. Ng5 Nd4 31. Ne4 Qb6 $4 32. Nxc5 $3 Qxc5 33. Bxe6+ Kf8
34. Bxd7 Qe7 35. Bxd4 1-0